Statistics for Guess the NBA player (fun facts) difficult pt.1

Click here to take the quiz!

General Stats

  • This quiz has been taken 55 times
  • The average score is 12 of 25

Answer Stats

HintAnswer% Correct
At 22 years old this player became the youngest ever mvp (2010-2011 season)Derrick Rose
96%
This player scored the most points in a single game (100)Wilt Chamberlain
83%
The only player to score 2,000 points, grab 1000 rebounds, and dish out 500 assists in a season (2021-2022 season)Nikola Jokic
81%
Which NBA team currently has the longest playoff drought (16 seasons)Sacramento Kings
74%
This player scored the most points in a single all star game (52) (2017 season)Anthony Davis
68%
This player has recorded the most 50-40-90 seasons (4) in a careerSteve Nash
68%
These 2 players have both won the defensive player of the year award 4 timesDikembe Mutombo
Ben Wallace
62%
Which NBA team has a winning record against every other NBA teamSan Antonio Spurs
62%
This player had the most turnovers in an NBA season (464) (2016-2017 season)James Harden
55%
This NBA player has logged the most minutes in a career (57,446)Kareem Abdul-Jabbar
55%
Who is the only player in NBA history to win Finals mvp while playing for the losing teamJerry West
53%
First awarded in 1956, this player was awarded the first ever mvp awardBob Pettit
49%
This player has the record for the most blocks in an NBA season (456) (1984-1985 season)Mark Eaton
49%
Only one NBA team has kept the same logo since it’s creation (1966)Chicago Bulls
43%
This player has the highest career FG% in NBA history (67.3%)DeAndre Jordan
38%
Which NBA player has more finals mvps (2) than triple doubles (1)Kawhi Leonard
38%
These 2 NBA players won DPOY but didn’t make the all-defensive first teamMarc Gasol
Tyson Chandler
38%
This player holds the record for the most points scored with his debut team (50) (2019 season)Kyrie Irving
36%
This player was selected to the most all-defensive teams (15)Tim Duncan
36%
This NBA player has the most 20 point 20 assist games (13)Magic Johnson
28%
This player holds the record for the most steals in an NBA season (301) (1985-1986 season)Alvin Robertson
26%
Which NBA player won MVP in 1973 and didn’t make the all nba first teamDave Cowens
26%
In NBA history this player racked up the most technical fouls in a career (332)Karl Malone
21%
This player has the most offensive rebounds in a season (587) and in a career (6731)Moses Malone
19%
The most points scored in a players first 5 career starts is held by this player (136)Jeremy Lin
15%

Score Distribution

Percentile by Number Answered

Percent of People with Each Score

Your Score History

You have not taken this quiz